<?xml version="1.0" encoding="UTF-8"?>
<record
    xmlns:xsi="http://www.w3.org/2001/XMLSchema-instance"
    xsi:schemaLocation="http://www.loc.gov/MARC21/slim http://www.loc.gov/standards/marcxml/schema/MARC21slim.xsd"
    xmlns="http://www.loc.gov/MARC21/slim">

  <leader>00931nam a22002537a 4500</leader>
  <controlfield tag="001">280</controlfield>
  <controlfield tag="003">BR-CuiBMT</controlfield>
  <controlfield tag="005">20231121204008.0</controlfield>
  <controlfield tag="008">230919b2009    mgba          001 0 por d</controlfield>
  <datafield tag="020" ind1=" " ind2=" ">
    <subfield code="a">9788577002405</subfield>
  </datafield>
  <datafield tag="040" ind1=" " ind2=" ">
    <subfield code="a">BR-CuiBMT</subfield>
    <subfield code="c">BR-CuiBMT</subfield>
  </datafield>
  <datafield tag="080" ind1=" " ind2=" ">
    <subfield code="2">2007</subfield>
    <subfield code="a">341.1/.8</subfield>
  </datafield>
  <datafield tag="090" ind1=" " ind2=" ">
    <subfield code="a">341.1/.8</subfield>
    <subfield code="b">D576</subfield>
  </datafield>
  <datafield tag="245" ind1="0" ind2="0">
    <subfield code="a">Dilemas do acesso &#xE0; biodiversidade e aos conhecimentos tradicionais :</subfield>
    <subfield code="b">direito, pol&#xED;tica e sociedade /</subfield>
    <subfield code="c">Sandra Akemi Shimada Kishi, John Bernhard Kleba, coordenadores ; pref&#xE1;cio Paulo Affonso Leme Machado.</subfield>
  </datafield>
  <datafield tag="260" ind1=" " ind2=" ">
    <subfield code="a">Belo Horizonte :</subfield>
    <subfield code="b">F&#xF3;rum,</subfield>
    <subfield code="c">2009.</subfield>
  </datafield>
  <datafield tag="300" ind1=" " ind2=" ">
    <subfield code="a">327 p. ;</subfield>
    <subfield code="c">24 cm</subfield>
  </datafield>
  <datafield tag="504" ind1=" " ind2=" ">
    <subfield code="a">Inclui bibliografia e &#xED;ndice.</subfield>
  </datafield>
  <datafield tag="650" ind1=" " ind2=" ">
    <subfield code="a">Direito internacional p&#xFA;blico</subfield>
  </datafield>
  <datafield tag="650" ind1=" " ind2=" ">
    <subfield code="a">Biodiversidade</subfield>
    <subfield code="x">Aspectos jur&#xED;dicos</subfield>
  </datafield>
  <datafield tag="650" ind1=" " ind2=" ">
    <subfield code="a">Ind&#xED;genas</subfield>
    <subfield code="x">Direitos fundamentais</subfield>
  </datafield>
  <datafield tag="700" ind1="1" ind2=" ">
    <subfield code="a">Kishi, Sandra Akemi Shimada,</subfield>
    <subfield code="d">1968-</subfield>
    <subfield code="4">coord.</subfield>
  </datafield>
  <datafield tag="700" ind1="1" ind2=" ">
    <subfield code="a">Kleba, John Bernhard</subfield>
    <subfield code="4">coord.</subfield>
  </datafield>
  <datafield tag="942" ind1=" " ind2=" ">
    <subfield code="2">udc</subfield>
    <subfield code="c">LV</subfield>
  </datafield>
  <datafield tag="952" ind1=" " ind2=" ">
    <subfield code="0">0</subfield>
    <subfield code="1">0</subfield>
    <subfield code="2">udc</subfield>
    <subfield code="4">0</subfield>
    <subfield code="7">0</subfield>
    <subfield code="a">BIBTCEMT</subfield>
    <subfield code="b">BIBTCEMT</subfield>
    <subfield code="d">2023-07-28</subfield>
    <subfield code="l">0</subfield>
    <subfield code="o">341.1/.8  D576</subfield>
    <subfield code="p">BIBTCEMT23090062</subfield>
    <subfield code="r">2023-09-19</subfield>
    <subfield code="t">Ex. 1</subfield>
    <subfield code="w">2023-09-19</subfield>
    <subfield code="y">LV</subfield>
  </datafield>
  <datafield tag="999" ind1=" " ind2=" ">
    <subfield code="c">280</subfield>
    <subfield code="d">280</subfield>
  </datafield>
</record>
